Prowincje Chin (z mapą) - Statystyki

Ogólne statystyki
  • Ten quiz został rozwiązany 89 razy
  • Średni wynik to 15 z 33
Odpowiedzi na mapie
Odpowiedzi zakodowano w zielono-czerwonej skali na mapie do tego quizu, zgodnie z poniższymi procentami.
 
Statystyki odpowiedzi
Odpowiedź % Poprawnych
Miasta wydzielone Pekin
100%
Regiony autonomiczne Tybet
95%
Miasta wydzielone Szanghaj
81%
Regiony autonomiczne Mongolia Wewnętrzna
74%
Specjalne regiony administracyjne Hongkong
72%
Prowincje Syczuan
67%
Miasta wydzielone Chongqing
58%
Prowincje Hajnan
58%
Specjalne regiony administracyjne Makau
58%
Prowincje Junnan
51%
Prowincje Hebei
49%
Regiony autonomiczne Sinciang
47%
Prowincje Guangdong
44%
Prowincje Hubei
44%
Prowincje Hunan
44%
Miasta wydzielone Tiencin
44%
Prowincje Henan
42%
Prowincje Shaanxi
42%
Prowincje Shanxi
42%
Prowincje Anhui
33%
Prowincje Fujian
33%
Prowincje Gansu
33%
Prowincje Szantung
33%
Prowincje Heilongjiang
30%
Prowincje Jilin
30%
Prowincje Liaoning
30%
Prowincje Qinghai
30%
Prowincje Jiangsu
28%
Regiony autonomiczne Kuangsi
28%
Regiony autonomiczne Ningxia
28%
Prowincje Kuejczou
26%
Prowincje Zhejiang
23%
Prowincje Jiangxi
19%
Nie znaleziono quizów pasujących do podanych kryteriów
Rozkład punktacji
Procent ludzi z każdym wynikiem
Percentyl według liczby udzielonych odpowiedzi
Twoja historia wyników
Nie rozwiązałeś tego quizu